| 000 | 00649cam a2200229 4500 | ||
|---|---|---|---|
| 008 | 090401t1989 xxu||||| |||| 00| 0 eng d | ||
| 020 | _a0854064206 | ||
| 035 | _a(Sirsi) u48717 | ||
| 041 | _aeng | ||
| 050 | _a333.332 | ||
| 090 | _aRICS 1989/25 ABCD | ||
| 100 | _aYates, Alan | ||
| 245 | 4 | _aThe appraisal of capital investment in property: a guide for the quantity surveyor | |
| 260 |
_aLondon _bSurveyors Publications _c1989 |
||
| 300 | _a30p. ; 25cm. | ||
| 350 | _a8.95 | ||
| 520 | _aAuthors cited in reverse order on title page. | ||
| 650 | _aINVESTMENT APPRAISAL | ||
| 700 | _aGilbert, Bryan | ||
| 942 | _n0 | ||
| 948 | _c04/03/1997 | ||
| 999 |
_c92394 _d92394 |
||